| 000 | 00786cam a2200217 4500 | ||
|---|---|---|---|
| 001 | WB3632-12 | ||
| 008 | 000000n2000 000 0 eng u | ||
| 035 | _a(Sirsi) u107825 | ||
| 245 | _aProperty lending | ||
| 260 | _c2000 | ||
| 490 |
_aEstates Gazette _v(0032) 12 August 2000, 29 |
||
| 490 |
_aWestern Mail _v12 August 2000, 18(2) |
||
| 520 | _aLatest figures from the Bank of England show that total property lending increased by 3.2% during 2Q 2000. DTZ Research estimates the total could reach £75bn by the end of the year. Table. | ||
| 590 | _aWB | ||
| 650 | _aPROPERTY LENDING | ||
| 650 | _aBANK LENDING | ||
| 650 | _aPROPERTY DEBT | ||
| 650 | _aPROPERTY INVESTMENT | ||
| 690 | _aPROPERTY-COMMERCIAL PROPERTY-COMMERCIAL PROPERTY FINANCE AND INVESTMENT | ||
| 942 | _n0 | ||
| 999 |
_c64407 _d64407 |
||